Le sport au cinéma - #2 - Statistiques

Statistiques générales
  • Ce quiz a été pris 565 fois
  • Le résultat moyen est 7 sur 18
Statistiques - réponses
Par images Réponse % Correct
Brice de Nice
94%
Forrest Gump
94%
Karate Kid
65%
Million Dollar Baby
60%
Ali
46%
Didier
46%
Point Break
44%
The Big Lebowski
41%
La Méthode Williams
39%
Le Mans 66
37%
Challengers
30%
Les Triplettes de Belleville
24%
Rush
24%
Bloodsport
19%
Coup de tête
13%
Happy Gilmore
12%
Battle of the sexes
9%
5ème Set
8%
Aucun quiz correspondant
Distribution des résultats
% des personnes avec chaque résultat
Percentile par nombre de réponses
Votre historique - résultats
Vous n’avez pas pris ce quiz